Rozpoznaj klub po piłkarzach, którzy w nim grali. - Statystyki

Ogólne statystyki
  • Ten quiz został rozwiązany 174 razy
  • Średni wynik to 5 z 10
Statystyki odpowiedzi
Zawodnicy Klub % Poprawnych
Luca Toni,Bartłomiej Drągowski i Federico Chiesa Fiorentina
85%
Kevin Keegan, Kamil Grabara i Danny Ings Liverpool
83%
Łukasz Piszczek, Krzysztof Piątek i Niko Kovac Hertha Berlin
72%
Józef Młynarczyk, Zbigniew Boniek i Artur Wichniarek Widzew Łódź
57%
Peter Schmeichel, Jerome Boateng, Nicolas Anelka Manchester City
52%
Bojan Krkic, Zlatan Ibrahimović i Pierre-Emerick Aubameyang Milan
49%
Blaise Matuidi, Gonzalo Higuain i Federico Higuain Inter Miami
33%
Samuel Eto'o, Roberto Carlos i Willian Anży Machaczkała
32%
Yaya Toure, Patrice Evra i David Trezeguet Monaco
20%
Diego Simeone, Lautaro Martinez i Sergio Romero Racing Club
12%
Nie znaleziono quizów pasujących do podanych kryteriów
Rozkład punktacji
Procent ludzi z każdym wynikiem
Percentyl według liczby udzielonych odpowiedzi
Twoja historia wyników
Nie rozwiązałeś tego quizu